Central Library OPAC University of Rajshahi

An old heart goes a-journeying / (Record no. 16643)

MARC details
000 -LEADER
fixed length control field 00639cam a2200229u 4500
001 - CONTROL NUMBER
control field 16643
003 - CONTROL NUMBER IDENTIFIER
rucl marc code BD-RjUL
005 - DATE AND TIME OF LATEST TRANSACTION
control field 20211209000032.0
008 - FIXED-LENGTH DATA ELEMENTS--GENERAL INFORMATION
fixed length control field 140215s1936 nyua 000 0 eng
035 ## - SYSTEM CONTROL NUMBER
System control number (BD-RjUL)16698
040 ## - CATALOGING SOURCE
Original cataloging agency DLC
Transcribing agency CarP
Modifying agency DLC
-- BD-RjUL
Language of cataloging eng
041 ## - LANGUAGE CODE
Language code of text/sound track or separate title eng
082 00 - DEWEY DECIMAL CLASSIFICATION NUMBER
Edition number 19
Classification number 813.5
Author mark and year FAO 1936
100 1# - MAIN ENTRY--PERSONAL NAME
Personal name Fallada, Hans,
Dates associated with a name 1893-1947.
9 (RLIN) 51419
245 13 - TITLE STATEMENT
Title An old heart goes a-journeying /
Statement of responsibility, etc. Hans Fallada.
260 ## - PUBLICATION, DISTRIBUTION, ETC. (IMPRINT)
Place of publication, distribution, etc. New York :
Name of publisher, distributor, etc. Simon and Schuster,
Date of publication, distribution, etc. 1936.
300 ## - PHYSICAL DESCRIPTION
Pagination vii, 326 p. :
Illustrations illus. ;
Size 21 cm.
650 #0 - SUBJECT ADDED ENTRY--TOPICAL TERM
Topical term or geographic name as entry element journeying
9 (RLIN) 51420
942 ## - ADDED ENTRY ELEMENTS (KOHA)
Source of classification or shelving scheme Dewey Decimal Classification
Koha item type Books
Holdings
Lost status Source of classification or shelving scheme Damaged status Not for loan Collection code Permanent Location Current Location Shelving location Date acquired Source of acquisition Total Checkouts Full call number Date last seen Copy number Koha item type
  Dewey Decimal Classification   Not For Loan Non-fiction Central Library, University of Rajshahi Central Library, University of Rajshahi Reading Room 11/08/1965 U.S.I.S   813.5 FAO 1936 15/02/2014 C-1 Books